000 00388nam a2200145Ia 4500
008 220217s9999||||xx |||||||||||||| ||und||
020 _a981-243-114-4
082 _a620.001 LOG
100 _aLogan, Daryl L
_92898
245 0 _aFirst course in the finite element method
250 _a3rd
260 _aThomson learning
_bAustralia
_c2002
300 _b
_9
650 _aMECHANICHAL
999 _c170221
_d170221